| 000 | 00607nam a2200181Ia 4500 | ||
|---|---|---|---|
| 008 | 090123s9999 xx 000 0 und d | ||
| 082 |
_b28918 _a891.463/हरका |
||
| 100 | _aहरकारे अरुण | ||
| 245 | _aकर्तव्य आणि पैसा | ||
| 250 | _a2 | ||
| 260 |
_bदिलिपराज प्रकाशन _c1998 |
||
| 300 | _a148 | ||
| 600 | _aहरकारे अरुण | ||
| 630 | _aकर्तव्य आणि पैसा | ||
| 700 | _aहरकारे अरुण | ||
| 730 | _aकर्तव्य आणि पैसा | ||
| 942 | _cBOOK | ||
| 999 |
_c67499 _d67499 |
||